Biographical Variables as Predictors for Money Attitudes

Vzťahy medzi biografickými premennými nesúvisiacimi s pohlavím a finančnými postojmi. Biografické premenné ako vek, vzdelanie a kultúra (nezávislé premenné) môžu predpovedať určité peňažné postoje. Kultúrne rozdiely špecifické pre jednotlivé krajiny.

Salvato in:
Dettagli Bibliografici
Autore principale: Furtner, Reinhard, 1983-
Natura: Capitolo di libro
Lingua:inglese
Soggetti:
Tags: Aggiungi Tag
Nessun Tag, puoi essere il primo ad aggiungerne!!

MARC

LEADER 00000naa$a2200000$$$4500
001 0271534
005 20240502074258.5
041 0 |a eng 
044 |a SK 
245 1 0 |a Biographical Variables as Predictors for Money Attitudes  |c Reinhard Furtner 
520 |a Vzťahy medzi biografickými premennými nesúvisiacimi s pohlavím a finančnými postojmi. Biografické premenné ako vek, vzdelanie a kultúra (nezávislé premenné) môžu predpovedať určité peňažné postoje. Kultúrne rozdiely špecifické pre jednotlivé krajiny. 
610 2 0 |a postoje 
610 2 0 |a peniaze 
610 2 0 |a vek 
610 2 0 |a vzdelanie 
610 2 0 |a kultúra 
100 1 |a Furtner, Reinhard, 1983-